Letter Pyramid - European Countries Quiz Stats

 Plays Quiz Updated May 5, 2019

Score 0/225 Timer 01:30
6 Plays Today
% Correct
XXXXXXXXXXXX
100%
XXXXXXXXXXXX
99.8%
XXXXXXXXXXXX
99.8%
XXXXXXXXXXXX
99.8%
XXXXXXXXXXXX
99.8%
XXXXXXXXXXXX
99.8%
XXXXXXXXXXXX
99.8%
XXXXXXXXXXXX
99.8%
XXXXXXXXXXXX
99.8%
XXXXXXXXXXXX
99.8%
XXXXXXXXXXXX
99.8%
XXXXXXXXXXXX
99.8%
XXXXXXXXXXXX
99.8%
XXXXXXXXXXXX
99.8%
XXXXXXXXXXXX
99.8%
XXXXXXXXXXXX
99.8%
XXXXXXXXXXXX
99.8%
XXXXXXXXXXXX
99.8%
XXXXXXXXXXXX
99.8%
XXXXXXXXXXXX
99.8%
XXXXXXXXXXXX
99.8%
Albania
89.7%
Albania
89.7%
Albania
89.7%
Albania
89.7%
Albania
89.7%
Albania
89.7%
Albania
89.7%
Albania
89.7%
Albania
89.7%
Albania
89.7%
Albania
89.7%
Albania
89.7%
Albania
89.7%
Albania
89.7%
Albania
89.7%
Albania
89.7%
Albania
89.7%
Albania
89.7%
Albania
89.7%
Albania
89.7%
Albania
89.7%
Cyprus
89.6%
Cyprus
89.6%
Cyprus
89.6%
Cyprus
89.6%
Cyprus
89.6%
Cyprus
89.6%
Cyprus
89.6%
Cyprus
89.6%
Cyprus
89.6%
Cyprus
89.6%
Cyprus
89.6%
Cyprus
89.6%
Cyprus
89.6%
Cyprus
89.6%
Cyprus
89.6%
Cyprus
89.6%
Cyprus
89.6%
Cyprus
89.6%
Italy
87.1%
Italy
87.1%
Italy
87.1%
Italy
87.1%
Italy
87.1%
Italy
87.1%
Italy
87.1%
Italy
87.1%
Italy
87.1%
Italy
87.1%
Italy
87.1%
Italy
87.1%
Italy
87.1%
Italy
87.1%
Italy
87.1%
% Correct
over12letterghrtsygd
78.8%
over12letterghrtsygd
78.8%
over12letterghrtsygd
78.8%
over12letterghrtsygd
78.8%
over12letterghrtsygd
78.8%
over12letterghrtsygd
78.8%
over12letterghrtsygd
78.8%
over12letterghrtsygd
78.8%
over12letterghrtsygd
78.8%
over12letterghrtsygd
78.8%
over12letterghrtsygd
78.8%
over12letterghrtsygd
78.8%
over12letterghrtsygd
78.8%
over12letterghrtsygd
78.8%
over12letterghrtsygd
78.8%
over12letterghrtsygd
78.8%
over12letterghrtsygd
78.8%
over12letterghrtsygd
78.8%
over12letterghrtsygd
78.8%
over12letterghrtsygd
78.8%
over12letterghrtsygd
78.8%
over12letterghrtsygd
78.8%
over12letterghrtsygd
78.8%
over12letterghrtsygd
78.8%
over12letterghrtsygd
78.8%
over12letterghrtsygd
78.8%
over12letterghrtsygd
78.8%
over12letterghrtsygd
78.8%
over12letterghrtsygd
78.8%
over12letterghrtsygd
78.8%
over12letterghrtsygd
78.8%
over12letterghrtsygd
78.8%
over12letterghrtsygd
78.8%
over12letterghrtsygd
78.8%
over12letterghrtsygd
78.8%
over12letterghrtsygd
78.8%
Bulgaria
73.1%
Bulgaria
73.1%
Bulgaria
73.1%
Bulgaria
73.1%
Bulgaria
73.1%
Bulgaria
73.1%
Bulgaria
73.1%
Bulgaria
73.1%
Bulgaria
73.1%
Bulgaria
73.1%
Bulgaria
73.1%
Bulgaria
73.1%
Bulgaria
73.1%
Bulgaria
73.1%
Bulgaria
73.1%
Bulgaria
73.1%
Bulgaria
73.1%
Bulgaria
73.1%
Bulgaria
73.1%
Bulgaria
73.1%
Bulgaria
73.1%
Bulgaria
73.1%
Bulgaria
73.1%
Bulgaria
73.1%
Netherlands
70.5%
Netherlands
70.5%
Netherlands
70.5%
Netherlands
70.5%
Netherlands
70.5%
Netherlands
70.5%
Netherlands
70.5%
Netherlands
70.5%
Netherlands
70.5%
Netherlands
70.5%
Netherlands
70.5%
Netherlands
70.5%
Netherlands
70.5%
Netherlands
70.5%
Netherlands
70.5%
% Correct
Netherlands
70.5%
Netherlands
70.5%
Netherlands
70.5%
Netherlands
70.5%
Netherlands
70.5%
Netherlands
70.5%
Netherlands
70.5%
Netherlands
70.5%
Netherlands
70.5%
Netherlands
70.5%
Netherlands
70.5%
Netherlands
70.5%
Netherlands
70.5%
Netherlands
70.5%
Netherlands
70.5%
Netherlands
70.5%
Netherlands
70.5%
Netherlands
70.5%
Luxembourg
59.9%
Luxembourg
59.9%
Luxembourg
59.9%
Luxembourg
59.9%
Luxembourg
59.9%
Luxembourg
59.9%
Luxembourg
59.9%
Luxembourg
59.9%
Luxembourg
59.9%
Luxembourg
59.9%
Luxembourg
59.9%
Luxembourg
59.9%
Luxembourg
59.9%
Luxembourg
59.9%
Luxembourg
59.9%
Luxembourg
59.9%
Luxembourg
59.9%
Luxembourg
59.9%
Luxembourg
59.9%
Luxembourg
59.9%
Luxembourg
59.9%
Luxembourg
59.9%
Luxembourg
59.9%
Luxembourg
59.9%
Luxembourg
59.9%
Luxembourg
59.9%
Luxembourg
59.9%
Luxembourg
59.9%
Luxembourg
59.9%
Luxembourg
59.9%
Lithuania
57.2%
Lithuania
57.2%
Lithuania
57.2%
Lithuania
57.2%
Lithuania
57.2%
Lithuania
57.2%
Lithuania
57.2%
Lithuania
57.2%
Lithuania
57.2%
Lithuania
57.2%
Lithuania
57.2%
Lithuania
57.2%
Lithuania
57.2%
Lithuania
57.2%
Lithuania
57.2%
Lithuania
57.2%
Lithuania
57.2%
Lithuania
57.2%
Lithuania
57.2%
Lithuania
57.2%
Lithuania
57.2%
Lithuania
57.2%
Lithuania
57.2%
Lithuania
57.2%
Lithuania
57.2%
Lithuania
57.2%
Lithuania
57.2%

You're not logged in!

Compare scores with friends on all Sporcle quizzes.
OR
Log In

Sporcle TV

Today on Sporcle TV


Watch our educational content, quiz creation guides, and fun videos on Sporcle TV.

Show Comments

Extras

Top Quizzes Today


Score Distribution

Your Account Isn't Verified!

In order to create a playlist on Sporcle, you need to verify the email address you used during registration. Go to your Sporcle Settings to finish the process.

Report this User

Report this user for behavior that violates our Community Guidelines.

Details: